000 00691nam a2200265Ia 4500
003 OSt
005 20221007103426.0
006 a|||||r|||| 00| 0
007 ta
008 221006b |||||||| |||| 00| 0 hin d
024 _a13,137
037 _cTextual
040 _aLCO
_cLCO
_bhin
041 _2hin
_ahin
082 _aX724:(Z), P3
100 _aSinghania V.K.
245 0 _aStudents Guide to Income Tax
250 _a16th
260 _aNew
_bDelhi Taxman Publications India
_c2003
300 _a1014
650 _aINCOME TAX
700 _a Singhania Kapil
942 _hX724:(Z), P3
_cTEXL
999 _c1182700
_d1182700